000 00475nam a2200169Ia 4500
003 GCL
005 20240530103249.0
008 140319s9999 xx 000 0 ara d
040 _aGCL /
_cGCL
082 0 4 _a810.9
_bف ح
100 1 _aفاروق منجونه
245 1 2 _aالحب بين ضفتيه /
_cفاروق منجونه
260 _a[S.N] :
_bدار البردى للنشر ،
_c1989
300 _a159 ص
650 0 4 _aالادب العربى
942 _2ddc
_cBK
999 _c37983
_d37983